Представление документа в формате RUSMARC

ПолеНазваниеЗначение
  Тип записи a
  Библиографический уровень m
001 Контрольный номер RU/IS/BASE/327143375
005 Дата корректировки 20250416120917.6
010 Индекс ISBN __
a ISBN 5-8192-0270-8
d Цена 100-30
101 Язык документа 0_
a Язык текста rus
c Язык оригинала rus
200 Заглавие и сведения об ответственности 0_
a Заглавие Краеведческие библиографические издания Российской Федерации, 2001-2004 гг.
f Первые сведения об ответственности Рос. нац. б-ка ; [сост. Л. С. Николаева, Е. И. Трубина ; аналит. обзор подгот. А. Н. Масловой, Е. И. Трубиной ; ред. Л. С. Николаева]
b Общее обозначение материала Текст
210 Выходные данные 1_
a Место издания СПб.
c Издательство Изд-во Рос. нац. б-ки
d Дата издания 2006
215 Физическое описание __
a Объем 335 с.
320 Библиография __
a Библиография Указ.: с. 294-335
330 Аннотация __
a Аннотация Аннотированный перечень библиографических пособий краеведческого содержания, указателей местной печати, сводных каталогов и каталогов книжных коллекций, подготовленных региональными библиотеками, научными учреждениями, вузами, местными организациями и отдельными авторами изданных в Российской Федерации в 2001-2004 гг. на русском языке печатным способом и на CD-ROM и поступивших в фонды Российской национальной библиотеки и Библиотеки Российской академии наук.
606 Тематические рубрики __
a Основная рубрика Литература универсального содержания
606 Тематические рубрики __
a Основная рубрика Библиографические пособия
606 Тематические рубрики __
a Основная рубрика География
606 Тематические рубрики __
a Основная рубрика Страноведение
z Хронологическая подрубрика 2001 г.; 2002 г.; 2003 г.; 2004 г.
y Географическая подрубрика Россия
610 Ключевые слова 0_
a Ключевые слова библиография; краеведение; персоналии; религии; библиографическое описание; регионы; библиотеки; библиотечные фонды; природные ресурсы; библиографическая информация; библиографические данные; библиографические издания; библиографические материалы; библиографические обзоры; библиографические сведения; краеведческая библиография
686 Индексы других классификаций __
a Классификационный индекс 91.9:2
686 Индексы других классификаций __
a Классификационный индекс 26.89(2Рос)я1
702 Вторичная интеллектуальная ответственность _1
a Фамилия Николаева
b Имя Л. С.
4 Код отношения Составитель
4 Код отношения 220
4 Код отношения 340
702 Вторичная интеллектуальная ответственность _1
a Фамилия Трубина
b Имя Е. И.
4 Код отношения Составитель
4 Код отношения 220
4 Код отношения 570
702 Вторичная интеллектуальная ответственность _1
a Фамилия Маслова
b Имя А. Н.
4 Код отношения Аналитический обзор
4 Код отношения 570
801 Источник записи _0
a Страна RU
b Организация Муниципальное бюджетное учреждение культуры "Централизованная библиотечная система" г. Сургут (Центральная городская библиотека им. А. С. Пушкина)
g Правила каталогизации КиК/Поспелова
801 Источник записи _1
a Страна RU
b Организация Муниципальное бюджетное учреждение культуры "Централизованная библиотечная система" г. Сургут (Центральная городская библиотека им. А. С. Пушкина)
g Правила каталогизации КиК/Поспелова
852 Данные о местонахождении __
j Шифр хранения 91.9:2
i Авторский знак К 77
901 Тип документа __
t Тип документа m
903 Характеристики (МАРС) __
a Дата передачи 20100514
969 Тип издания __
a Тип издания библиографический указатель
990 Данные о заказе (DOS) __
j Количество экземпляров (DOS) 1
h N записи в КСУ для Б/У (DOS) 201006